Víte co je to heutagogika?

Nový vzdelávací koncept predstavený na konferencii Welcome heutagogy v Prahe. Základný princíp heutagogiky - presunutie centra vzdelávacieho procesu z osobnosti učiteľa na osobnosť žiaka. Od povrchnosti k hĺbke. Úloha emócií. Kontakty cez sociálne siete.

Na minha lista:
Detalhes bibliográficos
Autor principal: Frejtichová, Jarmila
Formato: Capítulo de Livro
Idioma:tcheco
Assuntos:
Tags: Adicionar Tag
Sem tags, seja o primeiro a adicionar uma tag!

MARC

LEADER 00000naa a2200000 4500
001 0168390
005 20231211093349.9
041 0 |a cze 
044 |a CZ 
245 1 0 |a Víte co je to heutagogika?  |c Jarmila Frejtichová 
520 |a Nový vzdelávací koncept predstavený na konferencii Welcome heutagogy v Prahe. Základný princíp heutagogiky - presunutie centra vzdelávacieho procesu z osobnosti učiteľa na osobnosť žiaka. Od povrchnosti k hĺbke. Úloha emócií. Kontakty cez sociálne siete. 
610 2 0 |a vedomosti 
610 2 0 |a vzdelávanie 
610 2 0 |a učitelia 
610 2 0 |a žiaci 
610 2 0 |a komunikácia 
610 2 0 |a siete sociálne 
610 2 0 |a emócie 
100 1 |a Frejtichová, Jarmila